| 000 | 00375 a2200097 4500 | ||
|---|---|---|---|
| 082 | _a363.125 MOR | ||
| 100 | _aMore, Alec | ||
| 245 |
_aRural Transportation Safety and the Strategic Highway Safety Plan: An Examination of Select State Programs and Practices / _cAlec More, Lee Munnich |
||
| 260 |
_aMinnesota : _bCERS, _c2008 |
||
| 300 |
_a19p. : _bill. ; _c30 cm |
||
| 650 | _aRural Transportation -- Road Safety | ||
| 999 |
_c2297 _d2297 |
||